000 00219 a2200109 4500
020 _a9789992459225
041 _aspa
100 _aValle-Castillo, Julio
245 _aLienzo del pajaritero
942 _cBK
999 _c4349
_d4349
999 _d4349